LEADER 02583nam 2200613 450 001 996466664203316 005 20220908220058.0 010 $a3-540-38534-7 024 7 $a10.1007/BFb0089606 035 $a(CKB)1000000000437962 035 $a(SSID)ssj0000325223 035 $a(PQKBManifestationID)12124438 035 $a(PQKBTitleCode)TC0000325223 035 $a(PQKBWorkID)10320570 035 $a(PQKB)11730611 035 $a(DE-He213)978-3-540-38534-9 035 $a(MiAaPQ)EBC5592292 035 $a(Au-PeEL)EBL5592292 035 $a(OCoLC)1066197161 035 $a(MiAaPQ)EBC6841990 035 $a(Au-PeEL)EBL6841990 035 $a(PPN)155177354 035 $a(EXLCZ)991000000000437962 100 $a20220908d1981 uy 0 101 0 $aeng 135 $aurnn#008mamaa 181 $ctxt 182 $cc 183 $acr 200 10$aNonlinear evolution equations $eglobal behavior of solutions /$fAlain Haraux 205 $a1st ed. 1981. 210 1$aBerlin, Germany ;$aNew York, New York :$cSpringer-Verlag,$d[1981] 210 4$d©1981 215 $a1 online resource (CCCXXXII, 316 p.) 225 1 $aLecture Notes in Mathematics,$x0075-8434 ;$v841 300 $aBibliographic Level Mode of Issuance: Monograph 311 $a3-540-10563-8 327 $aGeneralities and local theory -- The global existence problem -- Theory of monotone operators and applications -- Smoothing effect for some nonlinear evolution equations -- Schrödinger and wave equations with a logarithmic nonlinearity -- The linear case: Hilbertian theory and applications -- Some nonlinear monotone cases -- Some nonlinear, non monotone cases -- Autonomous dissipative systems -- General results for quasi-autonomous periodic systems -- More on asymptotic behavior for solutions of the nonlinear dissipative forced wave equation -- Boundedness of trajectories for quasi-autonomous dissipative systems -- Almost-periodic quasi-autonomous dissipative systems in a Hilbert space. 410 0$aLecture Notes in Mathematics,$x0075-8434 ;$v841 606 $aEvolution equations, Nonlinear$xNumerical solutions 606 $aMathematical physics 615 0$aEvolution equations, Nonlinear$xNumerical solutions. 615 0$aMathematical physics. 676 $a515.355 686 $a35K55$2msc 686 $a34G20$2msc 700 $aHaraux$b Alain$f1949-$042671 801 0$bMiAaPQ 801 1$bMiAaPQ 801 2$bMiAaPQ 906 $aBOOK 912 $a996466664203316 996 $aNonlinear evolution equations$92910277 997 $aUNISA LEADER 01523nam0 22003733i 450 001 RAV0120891 005 20231121125633.0 020 $aIT$b84-13918 100 $a19970326d1983 ||||0itac50 ba 101 | $aita$cita 102 $ait 181 1$6z01$ai $bxxxe 182 1$6z01$an 200 1 $aSaggi italiani$fGiovanni Macchia 210 $aMilano$cA. Mondadori$d1983 215 $a368 p.$d20 cm 225 | $aPassaggi$v7 410 0$1001CFI0047805$12001 $aPassaggi$v7 500 10$aSaggi italiani$3BVE0914271$9CFIV009455$9143334 606 $aLetteratura italiana$2FIR$3RMLC002453$9I 676 $a850.9$9LETTERATURA ITALIANA. STORIA, DESCRIZIONE, STUDI CRITICI$v21 700 1$aMacchia$b, Giovanni$f <1912-2001>$3CFIV009455$4070$0153318 801 3$aIT$bIT-01$c19970326 850 $aIT-RM028 $aIT-RM0290 $aIT-RM0418 $aIT-RM0211 $aIT-FR0017 899 $aBiblioteca Universitaria Alessandrina$bRM028 899 $aBIBLIOTECA ANGELICA$bRM0290 899 $aBIBLIOTECA ACCADEMIA NAZ. DEI LINCEI E CORSINIANA$bRM0418 899 $aFondazione Marco Besso$bRM0211 899 $aBiblioteca umanistica Giorgio Aprea$bFR0017 $eN 912 $aRAV0120891 950 0$aBiblioteca umanistica Giorgio Aprea$d 52MAG 1/1474$e 52BUN0000130045 VMB RS $fA $h20181108$i20181108 977 $a 01$a 06$a 10$a 14$a 52 996 $aSaggi italiani$9143334 997 $aUNICAS